[Event "Kalamazoo op"]
[Site "Kalamazoo"]
[Date "2003.10.25"]
[Round "3.2"]
[White "Evans, Thomas L"]
[Black "Gattinger, John"]
[Result "1/2-1/2"]
[WhiteElo "1922"]
[BlackElo "1710"]
[PlyCount "54"]
[EventDate "2003.10.25"]
[EventType "swiss"]
[EventRounds "5"]
[EventCountry "USA"]
[SourceTitle "EXT 2007"]
[Source "ChessBase"]
[SourceDate "2006.11.23"]
[SourceVersion "1"]
[SourceVersionDate "2006.11.23"]
[SourceQuality "1"]

1. e4 c6 2. d4 d5 3. e5 Bf5 4. Bd3 Bxd3 5. Qxd3 e6 6. Nf3 h5 7. b3 Nd7 8. Be3 Nh6 9. Nbd2 Nf5 10. 0-0 Be7 11. c4 g5 12. Ne1 f6 13. f4 g4 14. Nc2 Kf7 15. c5 b6 16. b4 b5 17. a4 a6 18. Nb3 Qc7 19. Bd2 h4 20. Ne3 Nxe3 21. Bxe3 f5 22. Ra2 Rhb8 23. a5 Rh8 24. Na1 Nf8 25. Nc2 Ng6 26. Bd2 Bf8 27. Ne3 Ne7 1/2-1/2